000 01577nam a2200493 i 4500
001 44457
003 KOSZ 005
005 20200213140020.0
008 010313s2001 pl a f |001 0 pol
015 _aPB 2001/4552
020 _a8370855318
035 _a991015833309705066
035 _a(PL-WaBN)b1425413x-48omnis_nlop
035 _ab1425413x
035 _a(OCoLC)297668902
035 _a(PL)b0000001425413
035 _a(EXLNZ-48OMNIS_NETWORK)9910195149405606
040 _aWA N
_cWA N
_dKOSZ 005/HR
041 0 _apol
046 _k2001
080 _a004.38
080 _a004.04
080 _a(075.8)
100 1 _aBiernat, Janusz
_d(1950- )
_eAutor
245 1 0 _aArchitektura komputerów /
_cJanusz Biernat.
250 _aWyd. 2 popr. i uzup.
260 _aWrocław :
_bOficyna Wydawnicza Politechniki Wrocławskiej,
_c2001.
300 _a223 s. :
_bil. ;
_c24 cm.
336 _2rdacontent
_aTekst
_btxt
337 _2rdacmedia
_aBez urządzenia pośredniczącego
_bn
338 _2rdacarrier
_aWolumin
_bnc
380 _aKsiążki
388 _a2001-
504 _aBibliogr. - Indeks.
650 7 _aKomputery
_2DBN
650 7 _aBudowa i konstrukcje
650 7 _aPrzetwarzanie danych
655 7 _aPodręcznik
_2DBN
658 _aInformatyka i technologie informacyjne
710 2 _aOficyna Wydawnicza Politechniki Wrocławskiej
_4pbl
856 _uhttp://koha.tu.koszalin.pl/cgi-bin/koha/opac-detail.pl?biblionumber=44457
_yKatalog online BPK
942 _2UKD
_cKS
999 _c44457
_d44457